[Event "SF-2013-0-00203"]
[Site "LSS email"]
[Date "2013.08.03"]
[Round "?"]
[White "Leung, Joe"]
[Black "Lombardi, Donato"]
[Result "1-0"]
[WhiteElo "1103"]
[BlackElo "750"]
[PlyCount "67"]
[EventDate "2013.06.30"]
[EventType "tourn (corr)"]
[EventRounds "6"]
[EventCountry "GER"]
[SourceTitle "Corr 2015"]
[Source "ChessBase"]
[SourceDate "2015.07.17"]
[SourceVersion "1"]
[SourceVersionDate "2015.07.17"]
[SourceQuality "1"]

1. e4 e6 2. d4 d5 3. exd5 exd5 4. c4 dxc4 5. Bxc4 Nf6 6. Nf3 Bb4+ 7. Nc3 0-0 8. 0-0 Nc6 9. h3 Bf5 10. Bg5 a6 11. Nd5 Be7 12. Nxe7+ Qxe7 13. d5 Ne5 14. Re1 Rfe8 15. Rxe5 Qd6 16. Rxf5 Ne4 17. Bf4 Qc5 18. Qc2 Nd6 19. Bxd6 Qxd6 20. Ng5 g6 21. Rxf7 h6 22. Qc3 Qe5 23. Qxe5 Rxe5 24. Nf3 Re4 25. Rxc7 b5 26. Bd3 Rb4 27. b3 g5 28. Rac1 Re8 29. R1c6 Ra8 30. Rg6+ Kh8 31. Rxh6+ Kg8 32. Nxg5 Rd4 33. Rg6+ Kf8 34. Ne6+ 1-0

[Event "SF-2013-0-00193"]
[Site "LSS email"]
[Date "2013.05.03"]
[Round "?"]
[White "Nistri, Paolo"]
[Black "Leung, Joe"]
[Result "1-0"]
[WhiteElo "997"]
[BlackElo "1107"]
[PlyCount "75"]
[EventDate "2013.03.07"]
[EventType "tourn (corr)"]
[EventRounds "6"]
[EventCountry "GER"]
[SourceTitle "Telechess CBM 167"]
[Source "ChessBase"]
[SourceDate "2015.07.13"]
[SourceVersion "1"]
[SourceVersionDate "2015.07.13"]
[SourceQuality "1"]

1. d4 Nf6 2. Nf3 g6 3. Nbd2 Bg7 4. e4 d6 5. Bd3 0-0 6. 0-0 Nbd7 7. c3 c5 8. Qe2 a6 9. a4 cxd4 10. cxd4 Qc7 11. b3 e5 12. Ba3 exd4 13. Nxd4 Re8 14. Rac1 Qb8 15. Nc4 Bf8 16. Qf3 d5 17. exd5 Bxa3 18. Nxa3 Qe5 19. Nac2 Qxd5 20. Qxd5 Nxd5 21. Bc4 N7b6 22. Be2 Nf4 23. Bf3 Nbd5 24. h4 Bd7 25. g3 Nd3 26. Bxd5 Nxc1 27. Rxc1 Rab8 28. Ne3 b5 29. Rc7 Rbd8 30. Ra7 Be6 31. Bxe6 fxe6 32. Nc6 Rd3 33. Ng4 Rf8 34. Kg2 Rxb3 35. Nd4 Rb4 36. Nh6+ Kh8 37. Nxe6 Rc8 38. Ng5 1-0

[Event "SF-2013-0-00193"]
[Site "LSS email"]
[Date "2013.05.02"]
[Round "?"]
[White "Evtyugin, Yury Alekseevich"]
[Black "Leung, Joe"]
[Result "0-1"]
[WhiteElo "865"]
[BlackElo "1107"]
[PlyCount "54"]
[EventDate "2013.03.07"]
[EventType "tourn (corr)"]
[EventRounds "6"]
[EventCountry "GER"]
[SourceTitle "Telechess CBM 167"]
[Source "ChessBase"]
[SourceDate "2015.07.13"]
[SourceVersion "1"]
[SourceVersionDate "2015.07.13"]
[SourceQuality "1"]

1. e4 c5 2. Nf3 d6 3. d4 cxd4 4. Nxd4 Nf6 5. Nc3 a6 6. f3 e6 7. Be2 Be7 8. Be3 Nc6 9. 0-0 Bd7 10. a3 Qc7 11. Rc1 0-0 12. Nb3 Ne5 13. f4 Nc4 14. Bxc4 Qxc4 15. Qd4 b5 16. Nd2 Qxd4 17. Bxd4 Bc6 18. e5 dxe5 19. Bxe5 Bc5+ 20. Kh1 Be3 21. Rcd1 Ng4 22. Nce4 Bxd2 23. Nxd2 Ne3 24. Rg1 Nxd1 25. Rxd1 Rfd8 26. b4 Be4 27. Kg1 Bxc2 0-1

[Event "SF-2013-0-00193"]
[Site "LSS email"]
[Date "2013.05.02"]
[Round "?"]
[White "Moreno Roman, Alejandro"]
[Black "Leung, Joe"]
[Result "0-1"]
[WhiteElo "1066"]
[BlackElo "1107"]
[PlyCount "48"]
[EventDate "2013.03.07"]
[EventType "tourn (corr)"]
[EventRounds "6"]
[EventCountry "GER"]
[SourceTitle "Telechess CBM 167"]
[Source "ChessBase"]
[SourceDate "2015.07.13"]
[SourceVersion "1"]
[SourceVersionDate "2015.07.13"]
[SourceQuality "1"]

1. c4 Nf6 2. d4 g6 3. Nc3 Bg7 4. e4 d6 5. Nge2 0-0 6. g3 Nbd7 7. Bg2 e5 8. 0-0 exd4 9. Nxd4 Re8 10. Bg5 h6 11. Bxf6 Bxf6 12. Re1 c6 13. f4 Qb6 14. Nce2 Qxb2 15. a4 Nc5 16. e5 dxe5 17. Nxc6 exf4 18. Rb1 Qa2 19. Nc3 Rxe1+ 20. Qxe1 Bxc3 21. Qe8+ Kg7 22. Ne5 Qxb1+ 23. Bf1 Bd4+ 24. Kg2 Qe4+ 0-1

[Event "SN-2012-0-00477"]
[Site "LSS email"]
[Date "2012.12.18"]
[Round "?"]
[White "Leung, Joe"]
[Black "Lombardi, Donato"]
[Result "1-0"]
[WhiteElo "1069"]
[BlackElo "926"]
[PlyCount "71"]
[EventDate "2012.12.01"]
[EventType "tourn (corr)"]
[EventRounds "6"]
[EventCountry "GER"]
[SourceTitle "Telechess CBM 161"]
[Source "ChessBase"]
[SourceDate "2014.07.16"]
[SourceVersion "1"]
[SourceVersionDate "2014.07.16"]
[SourceQuality "1"]

1. e4 e6 2. d4 d5 3. exd5 exd5 4. c4 Nf6 5. Nc3 c6 6. Nf3 Be7 7. Bd3 0-0 8. 0-0 Bg4 9. Re1 dxc4 10. Bxc4 Nbd7 11. h3 Bh5 12. Bf4 Nb6 13. Bb3 Bb4 14. g4 Bg6 15. Ne5 Nfd5 16. Bd2 Re8 17. Nxd5 Nxd5 18. Bxd5 Qxd5 19. Bxb4 a5 20. Bc3 b5 21. a3 Rad8 22. Bxa5 Ra8 23. Bb4 Be4 24. f3 Bg6 25. Rc1 f6 26. Rc5 Qa2 27. Nxc6 Qxb2 28. Ne7+ Kh8 29. Nxg6+ hxg6 30. Rxe8+ Rxe8 31. Rc2 Qb3 32. Kg2 Kh7 33. d5 Re3 34. Rd2 Qc4 35. d6 Re8 36. d7 1-0

[Event "SN-2012-0-00477"]
[Site "LSS email"]
[Date "2012.12.17"]
[Round "?"]
[White "Jaszczowski, Zdzislaw"]
[Black "Leung, Joe"]
[Result "0-1"]
[WhiteElo "794"]
[BlackElo "1069"]
[PlyCount "46"]
[EventDate "2012.12.01"]
[EventType "tourn (corr)"]
[EventRounds "6"]
[EventCountry "GER"]
[SourceTitle "Telechess CBM 161"]
[Source "ChessBase"]
[SourceDate "2014.07.16"]
[SourceVersion "1"]
[SourceVersionDate "2014.07.16"]
[SourceQuality "1"]

1. d4 Nf6 2. c4 g6 3. Nc3 Bg7 4. g3 0-0 5. Bg2 d6 6. e4 e5 7. dxe5 dxe5 8. Qe2 Nc6 9. Be3 Nd4 10. Qd2 Qd6 11. Nd5 c6 12. Nxf6+ Qxf6 13. 0-0-0 c5 14. f4 exf4 15. Bxf4 Qa6 16. b3 Qa3+ 17. Kb1 Nxb3 18. Qc2 Nd4 19. Qb2 Qa4 20. e5 Qxd1+ 21. Qc1 Bf5+ 22. Kb2 Qa4 23. Kc3 Qb4# 0-1

[Event "ZN-2012-0-02119"]
[Site "LSS email"]
[Date "2012.11.27"]
[Round "?"]
[White "Lauer, Fredric"]
[Black "Leung, Joe"]
[Result "0-1"]
[WhiteElo "935"]
[BlackElo "1031"]
[PlyCount "51"]
[EventDate "2012.11.22"]
[EventType "match (corr)"]
[EventRounds "2"]
[EventCountry "GER"]
[SourceTitle "Telechess CBM 159"]
[Source "ChessBase"]
[SourceDate "2014.03.17"]
[SourceVersion "1"]
[SourceVersionDate "2014.03.17"]
[SourceQuality "1"]
[WhiteTeam "IWEC (Canada)"]

1. e4 c5 2. Nf3 d6 3. d4 cxd4 4. Nxd4 Nf6 5. Nc3 a6 6. Bg5 e6 7. f4 Be7 8. Qf3 Qc7 9. 0-0-0 b5 10. e5 Bb7 11. exd6 Bxd6 12. Qh3 Bxf4+ 13. Bxf4 Qxf4+ 14. Kb1 0-0 15. Nde2 Qe5 16. Ng3 Nbd7 17. Bd3 Nc5 18. Rhe1 Qg5 19. Nge4 Ncxe4 20. Nxe4 Bxe4 21. Bxe4 Nxe4 22. Rxe4 Rfd8 23. Rde1 Rac8 24. Qf3 Rd2 25. R4e2 Qd8 26. Qe3 0-1

[Event "ZN-2012-0-02119"]
[Site "LSS email"]
[Date "2012.11.27"]
[Round "?"]
[White "Leung, Joe"]
[Black "Lauer, Fredric"]
[Result "1-0"]
[WhiteElo "1031"]
[BlackElo "935"]
[PlyCount "69"]
[EventDate "2012.11.22"]
[EventType "match (corr)"]
[EventRounds "2"]
[EventCountry "GER"]
[SourceTitle "Telechess CBM 159"]
[Source "ChessBase"]
[SourceDate "2014.03.17"]
[SourceVersion "1"]
[SourceVersionDate "2014.03.17"]
[SourceQuality "1"]
[BlackTeam "IWEC (Canada)"]

1. e4 d5 2. exd5 Nf6 3. c4 e6 4. dxe6 Bxe6 5. Nf3 Nc6 6. Be2 Bb4 7. 0-0 0-0 8. a3 Be7 9. d4 Bg4 10. Be3 Ne4 11. d5 Nb8 12. Nbd2 Nxd2 13. Qxd2 Bf6 14. h3 Bf5 15. Rac1 Nd7 16. b4 a5 17. Nd4 Bxd4 18. Bxd4 axb4 19. axb4 Qe7 20. Rfe1 Qh4 21. Bf1 Nf6 22. g3 Qh5 23. Bxf6 gxf6 24. g4 Qg6 25. Kh2 Be4 26. Rc3 Bb1 27. Qd1 Ba2 28. Rce3 Qg5 29. Qd4 Kg7 30. Bd3 Ra3 31. Rf3 Ra6 32. Ree3 Rd8 33. Rf5 Qh4 34. Rg3 b5 35. Rh5 1-0

[Event "OP-2012-0-02491"]
[Site "LSS email"]
[Date "2012.11.11"]
[Round "?"]
[White "Leung, Joe"]
[Black "Pilgram, Kurt"]
[Result "0-1"]
[WhiteElo "1069"]
[BlackElo "1816"]
[PlyCount "122"]
[EventDate "2012.11.07"]
[EventType "tourn (corr)"]
[EventRounds "4"]
[EventCountry "GER"]
[SourceTitle "Telechess CBM 161"]
[Source "ChessBase"]
[SourceDate "2014.07.16"]
[SourceVersion "1"]
[SourceVersionDate "2014.07.16"]
[SourceQuality "1"]

1. e4 c5 2. Nf3 Nc6 3. d4 cxd4 4. Nxd4 Nf6 5. Nc3 d6 6. Bg5 e6 7. Qd2 a6 8. 0-0-0 Bd7 9. f4 h6 10. Bh4 b5 11. a3 Be7 12. Nb3 b4 13. axb4 Nxb4 14. Kb1 Rb8 15. Bxf6 gxf6 16. f5 Qb6 17. Bc4 Nc6 18. Qe2 Ne5 19. Bxa6 0-0 20. g4 Kh7 21. h4 Rg8 22. g5 fxg5 23. hxg5 Bxg5 24. Rdf1 Kg7 25. Rhg1 Kh7 26. Rg3 Kg7 27. Rfg1 Kf8 28. Bc4 Ke7 29. Ba6 Ra8 30. Bb5 Bxb5 31. Qxb5 Qa7 32. Rh1 Rgb8 33. Qf1 Qa6 34. Qxa6 Rxa6 35. Rd1 Rab6 36. Rd4 Nd7 37. Na4 Ra6 38. Nc3 Bf6 39. Ra4 Rxa4 40. Nxa4 h5 41. Kc1 h4 42. Rh3 Rg8 43. Nc3 Rg1+ 44. Kd2 Ne5 45. Na5 Bg5+ 46. Ke2 Rg2+ 47. Kf1 Rxc2 48. b4 Ng4 49. Nc6+ Kd7 50. Nd4 Rf2+ 51. Kg1 Rb2 52. Nde2 Rxb4 53. Kg2 Nf6 54. fxe6+ fxe6 55. e5 dxe5 56. Rd3+ Kc6 57. Rd8 Nd5 58. Rg8 Be7 59. Rg6 Kd7 60. Rg7 Rb3 61. Ne4 Re3 0-1

[Event "OP-2012-0-02491"]
[Site "LSS email"]
[Date "2012.11.11"]
[Round "?"]
[White "Leung, Joe"]
[Black "Tsirakovsky, Sergey"]
[Result "0-1"]
[WhiteElo "1069"]
[BlackElo "1834"]
[PlyCount "100"]
[EventDate "2012.11.07"]
[EventType "tourn (corr)"]
[EventRounds "4"]
[EventCountry "GER"]
[SourceTitle "Telechess CBM 161"]
[Source "ChessBase"]
[SourceDate "2014.07.16"]
[SourceVersion "1"]
[SourceVersionDate "2014.07.16"]
[SourceQuality "1"]

1. e4 e5 2. Nf3 Nc6 3. Bb5 Nf6 4. d3 Bc5 5. 0-0 d6 6. c3 0-0 7. Nbd2 h6 8. Re1 Bd7 9. Ba4 a5 10. Nf1 Re8 11. Ng3 Rb8 12. d4 Ba7 13. h3 b5 14. Bc2 a4 15. Be3 Bb6 16. Bd3 exd4 17. cxd4 Nb4 18. Bb1 Nc6 19. d5 Ne5 20. Nxe5 dxe5 21. Bd3 Bxe3 22. Rxe3 c6 23. dxc6 Bxc6 24. Nf5 Bd7 25. Qe2 g6 26. Nxh6+ Kg7 27. Ng4 Nxg4 28. hxg4 Qg5 29. Rg3 Rec8 30. b3 Rc3 31. Qe1 Rbc8 32. Rd1 Rc1 33. Bf1 a3 34. Rgd3 Bxg4 35. f3 Rxd1 36. Rxd1 Bxf3 37. Qd2 Qxd2 38. Rxd2 Bxe4 39. Bxb5 Rc1+ 40. Kf2 f5 41. Bd3 Bxd3 42. Rxd3 Rc2+ 43. Kg3 Rxa2 44. b4 e4 45. Rb3 g5 46. b5 f4+ 47. Kh3 e3 48. b6 e2 49. Rb1 Rb2 50. Re1 a2 0-1

[Event "OP-2012-0-02420"]
[Site "LSS email"]
[Date "2012.09.24"]
[Round "?"]
[White "Leung, Joe"]
[Black "Tomassi, Emidio"]
[Result "1/2-1/2"]
[WhiteElo "1042"]
[BlackElo "1616"]
[PlyCount "88"]
[EventDate "2012.09.20"]
[EventType "tourn (corr)"]
[EventRounds "4"]
[EventCountry "GER"]
[SourceTitle "Telechess CBM 159"]
[Source "ChessBase"]
[SourceDate "2014.03.17"]
[SourceVersion "1"]
[SourceVersionDate "2014.03.17"]
[SourceQuality "1"]

1. e4 c5 2. Nf3 Nc6 3. d4 cxd4 4. Nxd4 e5 5. Nb5 d6 6. N1c3 Nf6 7. Bg5 a6 8. Na3 Be7 9. Nc4 Be6 10. Bxf6 Bxf6 11. Nxd6+ Kf8 12. Nc4 Qd4 13. Qxd4 exd4 14. Nd5 Bxd5 15. exd5 Nb4 16. 0-0-0 Nxa2+ 17. Kb1 Nb4 18. Nd6 b5 19. Ne4 Nxd5 20. Nxf6 Nxf6 21. Rxd4 g6 22. Be2 Re8 23. Bf3 h5 24. c3 Re6 25. Kc2 Kg7 26. Rhd1 Rhe8 27. R1d2 Re1 28. Kd3 g5 29. Rd1 Rxd1+ 30. Bxd1 Re1 31. Be2 Rb1 32. b4 Rg1 33. Bf3 Rf1 34. Ke3 Rc1 35. Rd3 Ng4+ 36. Bxg4 hxg4 37. h3 gxh3 38. gxh3 Kg6 39. f4 gxf4+ 40. Kxf4 Rf1+ 41. Rf3 Rxf3+ 42. Kxf3 Kg5 43. Kg3 Kf5 44. Kf3 Kg5 1/2-1/2